Das Duell und andere kolumbianische Erzahlungen / (Registro nro. 18649)
[ vista simple ]
| 000 -CABECERA | |
|---|---|
| campo de control de longitud fija | 00913cam a2200229u 4500 |
| 001 - NÚMERO DE CONTROL | |
| campo de control | 000019131 |
| 005 - FECHA Y HORA DE LA ÚLTIMA TRANSACCIÓN | |
| campo de control | 20200929165930.0 |
| 008 - DATOS DE LONGITUD FIJA--INFORMACIÓN GENERAL | |
| campo de control de longitud fija | 820504s1969 gw 000 0 ger |
| 040 ## - FUENTE DE LA CATALOGACIÓN | |
| Centro catalogador/agencia de origen | DO-SdBNP |
| Centro/agencia transcriptor | CarP |
| Centro/agencia modificador | DLC |
| -- | BNPHU |
| 082 ## - NÚMERO DE LA CLASIFICACIÓN DECIMAL DEWEY | |
| Número de clasificación | C861 |
| Número de documento/Ítem | D852a |
| 049 ## - FONDOS LOCALES (OCLC) | |
| Fondos de biblioteca | BNGR |
| 245 04 - MENCIÓN DE TÍTULO | |
| Título | Das Duell und andere kolumbianische Erzahlungen / |
| Mención de responsabilidad, etc. | selección y redacción Peter Schultze-Kraft. |
| 260 ## - PUBLICACIÓN, DISTRIBUCIÓN, ETC. | |
| Lugar de publicación, distribución, etc. | Tübingen, : |
| Nombre del editor, distribuidor, etc. | Horst Erdmann Verlag, |
| Fecha de publicación, distribución, etc. | 1969. |
| 300 ## - DESCRIPCIÓN FÍSICA | |
| Extensión | 403 p. ; |
| Dimensiones | 21 cm. |
| 490 1# - MENCIÓN DE SERIE | |
| Mención de serie | Libros espirituales, encuentro del Instituto de Relaciones Culturales ; |
| Designación de volumen o secuencia | 25 |
| 500 ## - NOTA GENERAL | |
| Nota general | Incluye referencia biográfica sobre el editor en la contrasolapa. |
| 650 #4 - PUNTO DE ACCESO ADICIONAL DE MATERIA--TÉRMINO DE MATERIA | |
| Término de materia o nombre geográfico como elemento de entrada | Cuentos colombianos |
| 9 (RLIN) | 21475 |
| 650 #4 - PUNTO DE ACCESO ADICIONAL DE MATERIA--TÉRMINO DE MATERIA | |
| Término de materia o nombre geográfico como elemento de entrada | Literatura colombiana |
| 9 (RLIN) | 1244 |
| 700 1# - PUNTO DE ACCESO ADICIONAL--NOMBRE DE PERSONA | |
| Nombre de persona | Schultze-Kraft, Peter, |
| Fechas asociadas al nombre | 1937- |
| 9 (RLIN) | 41156 |
| 830 #0 - PUNTO DE ACCESO ADICIONAL DE SERIE-TÍTULO UNIFORME | |
| Título uniforme | Libros espirituales encuentro del Instituto de Relaciones Culturales ; |
| Número de parte o sección de la obra | 25 |
| 9 (RLIN) | 41157 |
| 910 ## - DATOS DE OPCIÓN DEL USUARIO (OCLC) | |
| Datos de opción del usuario | Catalogación derivada / LC |
| Estado de retiro | Estado de pérdida | Restricciones de uso | No para préstamo | Código de colección | Localización permanente | Ubicación/localización actual | Ubicación en estantería | Fecha de adquisición | Número de inventario | Total de préstamos | Signatura topográfica completa | Código de barras | Fecha visto por última vez | Precio válido a partir de | Tipo de ítem Koha |
|---|---|---|---|---|---|---|---|---|---|---|---|---|---|---|---|
| Excluido de préstamo | Monografías: Libros y Folletos | General | General | En catalogación | 26.05.2010 | LF1 | C861 D852a | 19131-10 | 25.06.2020 | 25.06.2020 | No se presta |
